000
00332nam a2200133Ia 4500
008
191201s2009 xx 000 0 und d
082
_a
660.6
_b
DEB
100
_a
DESWAL, Surinder
245
0
_a
Basics of Biotechnology
260
_a
N.Delhi
_b
Dhanpat Rai Pub (P) Ltd
_c
2009
300
_a
miosc.
650
_a
Applied
942
_2
ddc
_c
BK
999
_c
4088
_d
4088